00338nam a2200121 a 450000500170000000800410001702000140005805000210007210000200009324500460011326000350015930000220019420140310183205.0030422s19uu xx 00 eng d a055312160 aPZ 7b.W187 1979 aWallace, Irving aThe two :bA Biography /cIrving Wallace. aCanada ;bbantam Books,c1979. a415 p. :c17 cm.